Statistiques concernant Classement perpétuel de la ligue 1 (23-24)

Cliquez ici pour prendre le quiz!

Statistiques générales

  • Ce quiz a été pris 22 fois
    (9 depuis la dernière actualisation)
  • Le résultat moyen est 11 sur 18

Statistiques - réponses

PlaceClub% Correct
3Brest
75%
16Lyon
75%
13Nantes
75%
2Nice
75%
10Rennes
75%
14Toulouse
75%
17Clermont
63%
11Le Havre
63%
5Lille
63%
15Metz
63%
4Monaco
63%
1Paris SG
63%
9Strasbourg
63%
8Lens
50%
18Lorient
50%
7Marseille
50%
12Montpellier
50%
6Reims
50%

Distribution des résultats

Percentile par nombre de réponses

% des personnes avec chaque résultat

Votre développement - résultats

Vous n’avez pas pris ce quiz depuis la dernière actualisation